000 00361nam a2200145 a 4500
005 20140414093839.0
008 050820s19uu xx 00 eng d
050 _aCD 780
_bAve 1998
100 _aAvex Trax
245 _aThe best of 90's party album.
260 _cc1998.
_bUniversal Records,
650 _aPopular music.
942 _cAVM
999 _c109205
_d109205